Т. 1; Избранные произведения

Podrobná bibliografie
Parent link:Избранные произведения: В 3 т./ К. Маркс, Ф. Энгельс; Институт марксизма-ленинизма при ЦК КПСС. Т. 1.— , 1985-
Jazyk:ruština
Vydáno: 1985
Témata:
Médium: MixedMaterials Kniha
KOHA link:https://koha.lib.tpu.ru/cgi-bin/koha/opac-detail.pl?biblionumber=61417

MARC

LEADER 00000nam2a2200000 4500
001 61417
005 20231101211938.0
035 |a (RuTPU)RU\TPU\book\64999 
090 |a 61417 
100 |a 20040312d1985 k y0rusy50 ca 
101 1 |a rus  |c ger 
102 |a RU 
105 |a y z 000zy 
200 0 |a Т. 1 
210 |d 1985 
215 |a 635 с. 
461 1 |0 (RuTPU)RU\TPU\book\64996  |t Избранные произведения  |o В 3 т.  |o Пер. с нем.  |f К. Маркс, Ф. Энгельс  |g Институт марксизма-ленинизма при ЦК КПСС  |v Т. 1  |d 1985- 
606 1 |a Маркс К. Энгельс Ф.  |x Избранные произведения, письма  |2 stltpush  |3 (RuTPU)RU\TPU\subj\39694  |9 59655 
610 1 |a философия 
610 1 |a марксизм 
686 |a Ю3(0)6-602.124  |v LBC/SL-A  |2 rubbk 
801 1 |a RU  |b 63413507  |c 20040312  |g PSBO 
801 2 |a RU  |b 63413507  |c 20221006  |g PSBO 
942 |c BK